| 000 | 01308nam a22001697a 4500 | ||
|---|---|---|---|
| 003 | IT-RoPau | ||
| 005 | 20220918175938.0 | ||
| 008 | 130115b xxu||||| |||| 00| 0 eng d | ||
| 040 | _cIT-RoPau | ||
| 245 |
_aRomana Beatificationis et Canonizationis Ven. Servi Dei Jacobi Alberione _bSacerdotis Fundatoris Familiae Paulinae (1884 - 1971) Positio super miraculo |
||
| 250 | _aCongregatio de causis sanctorum P.N. 1290 | ||
| 260 |
_aRoma _bNova Res s.r.l. _c2002 |
||
| 300 |
_as.n.p. _c29,5 cm |
||
| 490 |
_aCause dei Santi _vI |
||
| 520 | _a1. - Conspectus biographicus 2. - Informatio 3. - Decretum super valititate Inquisitionis Dioecesanae 4. - Tabella Index Testium 5. - Factispecies chronologica 6. - Summarium 7. - Examina a Doct. E. Ensoli expetita 8. - Iudicium medicum legale Doct. V. G. Bilotta 9. - Iudicium medicum legale Prof. I. C. Nicotra 10. - Relatio Consultae Medicae diei 20. XI. 1997 11. - Documenta a postulatione exhibita post C.M. 20. XI. 1997 12. - Rescriptum Congregationis C.S. diei 3. IV. 1998 13. - Relatio Consultae Medicae diei 18. VI. 1998 14. - Doc. ab. Actoribus producta post C. M. DIEI 18. VI. 1998 15. - Iudicium medicum legale Prof. F. Furlanello 16. - Iudicium medicum legale Prof. F. D' Onofrio 17. - Relatio Consultae Medicae diei 21. II. 2002 | ||
| 942 |
_2ddc _cBK |
||
| 999 |
_c37758 _d37758 |
||